Animals by Type (Tile Select) #1 - Statistics

General Stats
  • This quiz has been taken 91 times
  • The average score is 50 of 80
Answer Stats
Question Tile Select % Correct
Antelopes Mouflon No
98%
Snakes Caecilian No
93%
Snakes Minivet No
93%
Snakes Anole No
92%
Snakes Mamba Yes
92%
Antelopes Serow No
92%
Snakes Tench No
92%
Hybrids Brambling No
88%
Antelopes Impala Yes
88%
Snakes Indri No
88%
Hybrids Liger Yes
86%
Hybrids Rusa No
86%
Snakes Skink No
86%
Antelopes Takin No
86%
Birds Gharial No
85%
Sharks Muskellunge No
85%
Sharks Solifuge No
85%
Hybrids Caracal No
83%
Snakes Cottonmouth Yes
83%
Birds Guana No
83%
Hybrids Hamerkop No
83%
Birds Agama No
81%
Antelopes Muntjac No
81%
Antelopes Oryx Yes
81%
Hybrids Sand cat No
81%
Sharks Sheltie No
81%
Hybrids Sloth bear No
81%
Sharks Devil fish No
80%
Sharks Frogmouth No
80%
Hybrids Mule Yes
80%
Hybrids Takhi No
80%
Hybrids Wisent No
80%
Hybrids Goat catfish No
78%
Snakes Slowworm No
78%
Birds Malbrouck No
76%
Antelopes Bighorn No
73%
Antelopes Sika No
73%
Antelopes Dik-dik Yes
71%
Hybrids Tigon Yes
71%
Sharks Angelshark Yes
69%
Snakes Asp Yes
68%
Antelopes Okapi No
66%
Snakes Foxsnake Yes
64%
Snakes Taipan Yes
64%
Sharks Torpedo No
64%
Antelopes Gemsbok Yes
63%
Birds Bustard Yes
61%
Sharks Silky shark Yes
59%
Sharks Thresher Yes
58%
Sharks Cow shark Yes
56%
Birds Ptarmigan Yes
54%
Birds Tarantula hawk No
54%
Snakes Fer-de-lance Yes
51%
Snakes Krait Yes
49%
Antelopes Saiga Yes
49%
Birds Wigeon Yes
49%
Birds Grosbeak Yes
47%
Antelopes Ibex No
47%
Antelopes Wildebeest Yes
46%
Antelopes Duiker Yes
44%
Sharks Iridescent shark No
44%
Hybrids Savannah cat Yes
44%
Birds Giant kōkopu No
42%
Birds Turaco Yes
39%
Birds Lori Yes
37%
Birds Merganser Yes
36%
Sharks Wobbegong Yes
36%
Birds Galah Yes
32%
Hybrids Cama Yes
31%
Sharks Blue pointer Yes
29%
Birds Swallowtail No
29%
Hybrids Żubroń Yes
29%
Birds Motmot Yes
27%
Sharks Porbeagle Yes
25%
Sharks Bronze whaler Yes
20%
Sharks Ghost shark No
20%
Antelopes Dzeren Yes
15%
Hybrids Dzo Yes
14%
Snakes Lora Yes
8%
Snakes Caninana Yes
3%
No matching quizzes found
Score Distribution
Percent of People with Each Score
Percentile by Number Answered
Your Score History
You have not taken this quiz